000 02261nam a2200313 a 4500
003 DO-SdBNP
005 20250502093208.0
007 ta
008 211123b2019 dr ac||| |||| 00| 0 spa d
020 _a9789945804393
040 _aDO-SdBNP
_bspa
_cBNPHU
082 4 _a927.826
_bD159L, 2019
_222
100 1 _aLópez Reyes, Oscar,
_d1952-
_911261
245 1 0 _aCasandra Damirón :
_bvida y canto /
_cOscar López Reyes ; prólogo José Andrés Moreta Damirón.
250 _a3ra. ed.
260 _aSanto Domingo :
_bBúho,
_c2019.
300 _a189 p. :
_bil., retrs. ;
_c23 cm.
500 _aIncluye datos biográficos del autor en la solapa.
504 _aBibliografía : p. 188-189
505 0 _aPrólogo (A las últimas ediciones) -- Prólogo (A la primera edición) -- Introducción -- Advenimiento a la vida -- Bayonetas, riquezas y belleza -- Carrera artística -- A 6 años canta en escuela e iglesia -- Un debut de proyecciones exitosas -- La Voz del Yuna, hacia el estrellato -- Primera temporada fuera de su suelo -- Alborozos y función en Barahona -- El arte plantea unión matrimonial -- Reviste de esplendor bailes típicos -- ¡Albricias!, aviva en CMQ, La Habana -- Huellas rutilantes en dos décadas -- Programa de TV, enseñanza y discos -- La chismosa y una orden de ultraje -- Amorosa, consejera y dominicanista -- En el ocaso de su vida -- Faenas entre el hogar y las danzas -- Madrugada con soledad paciente... Final -- Testimonios de figuras en su despedida -- Voces de los diarios dominicanos -- Placas, copas y pergaminos -- Expresiones de reconocimientos y afectos -- Música e identidad nacional -- Estilización de la danza típica -- Protagonista del siglo XX y herencia -- Sobredimensionada tras su partida -- Herencia biológica y satisfacción --Fotografías -- Citas bibliográficas -- Consultas a personas y medios.
590 _aInventariado, 2021 /LP
600 0 _aDamirón, Casandra,
_d1919-1983
_934233
650 4 _aArtistas dominicanos
_934234
_vBiografias
650 4 _aCantantes dominicanos
_vBiografías
_983430
700 1 _aJiménez Jiménez, Manuel,
_epról.
_934235
700 1 _aMoreta Damirón, José Andrés,
_epról.
_934236
910 _aLopérez./Validado. Control de calidad MFF
942 _2ddc
_cLBS1
999 _c51023
_d51023